000 02141cam a2200481 a 4500
001 12103280
003 PILC
005 20160114112050.0
008 000711s2000 nyua c 000 1 eng
010 _a 00131084
020 _a0439139597
040 _aDLC
_cDLC
_dWaU
_dDLC
042 _alcac
050 0 0 _aPZ 7
_b.R797g 2000
082 0 0 _aFIC
_bR79hg 2000
100 1 _aRowling, J. K.
_917401
245 1 0 _aHarry potter and the goblet of fire
_cJ.K. Rowling
260 _aLondon :
_bBloomsbury,
_cc2000.
300 _a363 p. :
_bill. ;
_c20 cm.
500 _a"Year 4"--Spine.
500 _aSequel to: Harry Potter and the prisoner of Azkaban.
500 _aSequel: Harry Potter and the Order of the Phoenix.
500 _aLC copy 1 in dust jacket. On verso of t.p.: Printed in the U.S.A. 13.
_5DLC
520 _aFourteen-year-old Harry Potter joins the Weasleys at the Quidditch World Cup, then enters his fourth year at Hogwarts Academy where he is mysteriously entered in an unusual contest that challenges his wizarding skills, friendships and character, amid signs that an old enemy is growing stronger.
562 _e1
650 0 _aPotter, Harry (Fictitious character)
_vJuvenile fiction.
_919977
650 0 _aGranger, Hermione (Fictitious character)
_vJuvenile fiction.
_919978
650 0 _aWeasley, Ron (Fictitious character)
_vJuvenile fiction.
_919979
650 0 _aHogwarts School of Witchcraft and Wizardry (Imaginary organization)
_vJuvenile fiction.
_919980
650 0 _aWizards
_vJuvenile fiction.
_919981
650 0 _aMagic
_vJuvenile fiction.
_919982
650 0 _aSchools
_vJuvenile fiction.
_919983
650 1 _aWizards
_vFiction.
_919984
650 1 _aMagic
_vFiction.
_919985
650 1 _aSchools
_vFiction.
_919986
651 0 _aEngland
_vJuvenile fiction.
_919987
651 1 _aEngland
_vFiction.
_919988
700 1 _aGrandPré, Mary,
_eill.
_919989
906 _a7
_bcbc
_corignew
_d1
_eopcn
_f20
_gy-gencatlg
942 _2lcc
_cBK
999 _c11367
_d11367